| 000 | 00727nam a22001697a 4500 | ||
|---|---|---|---|
| 999 |
_c64058 _d64058 |
||
| 003 | Ge_BSU | ||
| 005 | 20260317164027.0 | ||
| 008 | 260317s1976 ge ||||| |||| 00| 0 geo d | ||
| 041 | _ageo | ||
| 080 | _a338(479.223)(09) ბ-37 | ||
| 100 |
_aბაჯელიძე, ა. _921 |
||
| 245 |
_aსოციალისტური ეკონომიკის წარმოშობა და დამკვიდრება აჭარაში / _b _c ა. ბაჯელიძე. |
||
| 264 |
_aბათუმი : _bსაბჭ. აჭარა, _c1976. |
||
| 300 |
_a144 გვ. ; _b22 სმ. |
||
| 653 | _aაჭარის ეკონომიკის ისტორია. | ||
| 942 |
_2udc _cᲬᲘᲒᲜᲘ |
||